Modern sociological theory. : (Record no. 215)

MARC details
000 -LEADER
fixed length control field 00585cam a2200217ua 4500
001 - CONTROL NUMBER
control field 254
005 - DATE AND TIME OF LATEST TRANSACTION
control field 20260515113136.0
008 - FIXED-LENGTH DATA ELEMENTS--GENERAL INFORMATION
fixed length control field 110326n ii |||gr||||Z||||||eng
020 ## - INTERNATIONAL STANDARD BOOK NUMBER
International Standard Book Number 978-019-561384-1
020 ## - INTERNATIONAL STANDARD BOOK NUMBER
International Standard Book Number 019-561384-8
040 ## - CATALOGING SOURCE
Transcribing agency MAIN
082 ## - DEWEY DECIMAL CLASSIFICATION NUMBER
Classification number 301
100 1# - MAIN ENTRY--PERSONAL NAME
Personal name Abraham, M. Francis.,
245 ## - TITLE STATEMENT
Title Modern sociological theory. :
Remainder of title An introduction. /
Statement of responsibility, etc. By M. Francis Abraham.
250 ## - EDITION STATEMENT
Edition statement 1st.
260 ## - PUBLICATION, DISTRIBUTION, ETC.
Place of publication, distribution, etc. New Delhi.:
Name of publisher, distributor, etc. Oxford university press.,
Date of publication, distribution, etc. 2008.
300 ## - PHYSICAL DESCRIPTION
Extent x, 310 p.:6 cm.
653 ## - INDEX TERM--UNCONTROLLED
Uncontrolled term Sociology.
653 ## - INDEX TERM--UNCONTROLLED
Uncontrolled term Modern sociological theory.
942 ## - ADDED ENTRY ELEMENTS (KOHA)
Koha item type Books
Holdings
Withdrawn status Lost status Damaged status Not for loan Home library Current library Shelving location Date acquired Total checkouts Full call number Barcode Date last seen Copy number Price effective from Koha item type
        Naharkatiya College Library Naharkatiya College Library General stacks 09/19/2020   301 | ABR 18668 09/19/2020 1 09/19/2020 Books
        Naharkatiya College Library Naharkatiya College Library General stacks 09/19/2020   301 | ABR 18669 09/19/2020 2 09/19/2020 Books